000 00479nam a22001217a 4500
999 _c6703
_d6703
008 200324b ||||| |||| 00| 0 eng d
100 _aThe United Republic of Tanzania
245 _a2002 POPULATION AND HOUSING CENSUS VOLUME IV
_bDistrict profile
_cThe United Republic of Tanzania
_hEnglish
260 _aDar es salaam
_bNational Bureau of Statistics
_c2002
300 _aviii,122p.
_bIllustration
_c29cm
650 _22002 population and housing census volume iv
942 _2ddc
_cBOOKS